000 00722nam a22002177a 4500
003 UA-OsUOA
001 42436
007 ta
008 20061106b un ||||| |||| 00| 0 ukr d
090 _a37.012(470-524)
_bМ54
942 _cBK
040 _aUA-OsUOA
_brus
_cUA-OsUOA
_dUA-OsUOA
245 _aМетодическое руководство к учебному пособию "русская советская литература" для 10 класса
_cВ. А. Ковалева
300 _a286 с.
955 _a2
041 _arus
080 _a37.012(470-524)
260 _aМ.
_bПросвещение
650 7 _a37.0 Основні види та принципи освіти
_2UDC
999 _c328573
_d328573